Für Menschenrechte und Religionsfreiheit in Europa
| Titel: | Für Menschenrechte und Religionsfreiheit in Europa : die Politik des Heiligen Stuhls in der KSZE/OSZE / Paul Wuthe |
|---|---|
| Verfasser: | |
| Veröffentlicht: | Stuttgart : Kohlhammer, 2002 |
| Umfang: | 242 S. |
| Format: | Buch |
| Sprache: | Deutsch |
| Schriftenreihe/ mehrbändiges Werk: |
Theologie und Frieden ; 22 |
| RVK-Notation: |
·
|
| ISBN: | 3170172662 |
| Lokale Klassifikation: | 57 Vatikan ; 60 7 R ; 60 14 F ; 31 7 Od |
|---|
alg: 10540263 001A $06000:03-07-02 001B $01999:19-05-23 $t21:37:42.000 001C $06060:16-11-16 $t01:11:46.000 001D $00077:14-10-02 001U $0utf8 001X $00 002@ $0Aau 003@ $010540263X 003O $050524536 $aOCoLC 004A $03-17-017266-2 006G $0964566559 006T $002,N27,0134 006U $002,A45,0264 007A $0964566559 $aDNB 007I $0thf38021 010@ $ager 011@ $a2002 $n2002 015@ $00 021A $aFür Menschenrechte und Religionsfreiheit in Europa $ddie Politik des Heiligen Stuhls in der KSZE/OSZE $hPaul Wuthe 028A $7 $8Wuthe, Paul [Tnd] $9149279582 033A $pStuttgart $nKohlhammer 034D $a242 S. 036E $aTheologie und Frieden $l22 036F $x222 $8Theologie und Frieden $9186240651 $l22 041A $RKatholische Kirche $RKatholische Kirche $#Katholische Kirche, Heiliger Stuhl $#Katholische Kirche, Sedes Apostolica $#Katholische Kirche, Apostolischer Stuhl $#Ecclesia Catholica, Sancta Sedes $#Katholische Kirche, Santa Sede $#Katholische Kirche, Saint-Siège $#Katholische Kirche, Santa Sé $#Katholische Kirche, Holy See $#Sancta Sedes $#Heiliger Stuhl $#Der @Heilige Stuhl $#Sedes Apostolica $#Apostolischer Stuhl $#Santa Sede $#Saint-Siège $#Santa Sé $#Holy See $#Vatikan $72003256-0 $8Katholische Kirche$bSancta Sedes [Tb1] $9042598532 041A/01 $ROrganisation für Sicherheit und Zusammenarbeit in Europa $#KSZE $#Konferenz für Sicherheit und Zusammenarbeit in Europa $#KSZE $#Europäische Sicherheitskonferenz $#Conference on Security and Co-operation in Europe $#Conférence sur la Sécurité et la Coopération en Europe $#Conferencia sobre la Seguridad y la Cooperación en Europa $#Conferenza sulla Sicurezza e la Cooperazione in Europa $#CSCE $#Konferencja w Sprawie Bezpiecze'nstwa i Wsp'ołpracy w Europie $#KBSE $#Soveščanie po Bezopasnosti i Sotrudničestvu v Evrope $#SBSE $#Konferensen om Säkerhet och Samarbete i Europa $75114817-1 $8Konferenz über Sicherheit und Zusammenarbeit in Europa [Tb1] $9045263299 041A/02 $RKonferenz über Sicherheit und Zusammenarbeit in Europa $RENVSEC $#OSZE $#OSZE $#Organization for Security and Cooperation in Europe $#Organization for Security and Co-operation in Europe $#Organisation de la Sécurité et la Coopération en Europe $#Organisation pour la Sécurité et la Coopération en Europe $#Organización para la Seguridad y la Cooperación en Europa $#OSCE $#Organizacija po Bezopasnosti i Sotrudničestvu v Evrope $#OBSE $#Organisation für Sicherheit und Zusammenarbeit in Europa, Secretary General $72149347-9 $8Organisation für Sicherheit und Zusammenarbeit in Europa [Tb1] $9043925685 041A/03 $RVölkerrecht $#Völkerrechtssubjektivität $74063698-7 $8Völkerrechtssubjekt [Ts1] $9085178551 041A/04 $#Abendland $#Okzident $74015701-5 $8Europa [Tgz] $908503617X 041A/05 $RBürgerrecht $RGrundrecht $#Human rights $#Droits de l'homme $#Droits de l'homme (droit international) $#Diritti umani $#Derechos humanos $#Menschenrechte $#Menschenrechte $#Menschenrechte $74074725-6 $8Menschenrecht [Ts1] $9085210552 041A/06 $#Freedom of religion $#Liberté religieuse $#Religiöse Freiheit $74125186-6 $8Religionsfreiheit [Ts1] $9085420875 041A/80 $i3.3c $i3.6a $i7.14 $i8.3 $i16.5 $i3.4c $i7.2c $i3.1 $i7.3 $i7.13 041A/90 $hXA $hXA-VA $hXD-US $hXD-CA $hXA-AT 045E $a12 $a16 $a19 $a63 045F $a909 $eDDC23BSB 045F/01 $a909 045F/03 $f0904 045F/03 $g4 045F/03 $g47 045F/03 $g437 045G $a355.0094 $eDDC23BSB 045G/01 $a355.009 045G/03 $g4 045R $aGeschichte 045Z $8BK 4500 [Tkv] $9407440054 045Z $8BL 6240 [Tkv] $9407443517 046M $aLiteraturverz. S. 232 - 242 lok: 10540263 6 101B $006-12-03 $t23:35:25.000 101C $021-01-03 147A $ark 101U $0utf8 exp: 10540263 6 1 #EPN 201B/01 $017-12-11 $t21:26:05.000 201C/01 $021-01-03 201U/01 $0utf8 203@/01 $0179614878 208@/01 $a21-01-03 $bz 209A/01 $aMOR S/17, B22 $ds $f042 $hMOR S 17 / B 22 $x00 209A/01 $aAf III 3008, B22 $hAF 3 3008 / B 22 $x09 209C/01 $a03/324/ $h03 324 209G/01 $a00976113 $x00 247C/01 $8608042-xFrankfurt, Bibliothek der Philosophisch-Theologischen Hochschule St. Georgen, Frankfurt $9102601038 lok: 10540263 24 101B $016-10-09 $t16:24:47.000 101C $014-01-03 101U $0utf8 145Z/01 $a57 Vatikan 145Z/02 $a60 7 R 145Z/03 $a60 14 F 145Z/04 $a31 7 Od exp: 10540263 24 1 #EPN 201B/01 $014-01-03 $t09:20:44.000 201C/01 $014-01-03 203@/01 $0179384651 208@/01 $a14-01-03 $bz 209A/01 $a02.5458 $du $f050 $h02 5458 $x00 209C/01 $a02.5458 K $h02 5458 K 209G/01 $a70541181 $x00 247C/01 $8358050-7 Marburg, Bibliothek des Herder-Instituts Marburg $9102600961 201U/01 $0utf8 lok: 10540263 25 exp: 10540263 25 1 #EPN 201B/01 $010-08-12 $t21:24:03.000 201C/01 $014-10-02 201U/01 $0utf8 203@/01 $0176579257 208@/01 $a14-10-02 $bz 209A/01 $aS XIII 4,22 $dd $f016 $x00 209C/01 $a2002/890 209G/01 $a61161832 $x00 209G/01 $aKatholische Theologie $x01 247C/01 $8651016-4 <77/016>Mainz, Universität Mainz, Bereichsbibliothek Katholische und Evangelische Theologie $9102599696 lok: 10540263 76 101B $010-12-14 $t19:18:28.000 101U $0utf8 144Z/01 $aHeiliger Stuhl 144Z/02 $aKonferenz über Sicherheit und Zusammenarbeit in Europa 144Z/03 $aGeschichte 144Z/04 $aOrganisation für Sicherheit und Zusammenarbeit in Europa 144Z/05 $aVölkerrechtssubjekt 144Z/06 $aEuropa 144Z/07 $aMenschenrecht 144Z/08 $aEuropa 144Z/09 $aReligionsfreiheit exp: 10540263 76 1 #EPN 201B/01 $010-12-14 $t19:18:28.000 201U/01 $0utf8 203@/01 $0746223188 208@/01 $a03-12-14 $br 209A/01 $a2003:0445 $du $f000 $h2003 0445 $x00 209C/01 $a2003:0445 $h2003 0445 209G/01 $aFUL2$0379458 $x00 209G/01 $aMagazin $x01 237A/01 $aLiteraturverz. S. 232 - 242 245S/01 $aRe $x01 247C/01 $8648002-0 Fulda, Bibliothek des Bischöflichen Priesterseminars $9320103366
| LEADER | 00000cam a2200000 c 4500 | ||
|---|---|---|---|
| 001 | 10540263X | ||
| 003 | DE-603 | ||
| 005 | 20230519213742.0 | ||
| 007 | tu | ||
| 008 | 020703s2002 xx |||| | u00||u|ger | ||
| 015 | |a 02,A45,0264 |z 02,N27,0134 |2 dnb | ||
| 016 | 7 | |2 DE-101 |a 964566559 | |
| 020 | |a 3170172662 | ||
| 035 | |a (DE-599)DNB964566559 | ||
| 035 | |a (OCoLC)50524536 | ||
| 040 | |a DE-603 |b ger |c DE-603 |d DE-603 | ||
| 041 | |a ger | ||
| 043 | |c XA |c XA-VA |c XD-US |c XD-CA |c XA-AT | ||
| 082 | 0 | 4 | |8 1\u |a 909 |q DE-101 |2 23/BSB |
| 083 | 0 | |8 2\u |a 355.0094 |q DE-101 |2 23/BSB | |
| 084 | |a 12 |a 16 |a 19 |a 63 |q DE-101 |2 sdnb | ||
| 084 | |a BK 4500 |0 (DE-625)11905: |0 (DE-603)407440054 |2 rvk | ||
| 084 | |a BL 6240 |0 (DE-625)12248: |0 (DE-603)407443517 |2 rvk | ||
| 084 | |a 3.3c |a 3.6a |a 7.14 |a 8.3 |a 16.5 |a 3.4c |a 7.2c |a 3.1 |a 7.3 |a 7.13 |q DE-101 |2 sdnb | ||
| 085 | |8 1\u |b 909 | ||
| 085 | |8 1\u |z 1 |s 0904 | ||
| 085 | |8 1\u |z 2 |s 4 | ||
| 085 | |8 1\u |z 2 |s 47 | ||
| 085 | |8 1\u |z 2 |s 437 | ||
| 085 | |8 2\u |b 355.009 | ||
| 085 | |8 2\u |z 2 |s 4 | ||
| 100 | 1 | |a Wuthe, Paul |0 (DE-603)149279582 | |
| 245 | 0 | 0 | |a Für Menschenrechte und Religionsfreiheit in Europa |b die Politik des Heiligen Stuhls in der KSZE/OSZE |c Paul Wuthe |
| 264 | 1 | |a Stuttgart |b Kohlhammer |c 2002 | |
| 300 | |a 242 S. | ||
| 490 | 1 | |a Theologie und Frieden |v 22 | |
| 504 | |a Literaturverz. S. 232 - 242 | ||
| 610 | 1 | 7 | |a Katholische Kirche |b Sancta Sedes |2 gnd |0 (DE-588)2003256-0 |0 (DE-603)042598532 |
| 610 | 1 | 7 | |a Konferenz über Sicherheit und Zusammenarbeit in Europa |2 gnd |0 (DE-588)5114817-1 |0 (DE-603)045263299 |
| 610 | 1 | 7 | |a Organisation für Sicherheit und Zusammenarbeit in Europa |2 gnd |0 (DE-588)2149347-9 |0 (DE-603)043925685 |
| 648 | 7 | |a Geschichte |2 gnd | |
| 650 | 7 | |a Völkerrechtssubjekt |0 (DE-588)4063698-7 |0 (DE-603)085178551 |2 gnd | |
| 650 | 7 | |a Menschenrecht |0 (DE-588)4074725-6 |0 (DE-603)085210552 |2 gnd | |
| 650 | 7 | |a Religionsfreiheit |0 (DE-588)4125186-6 |0 (DE-603)085420875 |2 gnd | |
| 651 | 7 | |a Europa |0 (DE-588)4015701-5 |0 (DE-603)08503617X |2 gnd | |
| 830 | 0 | |t Theologie und Frieden |v 22 |w (DE-603)186240651 |w (DE-600)1186095-9 |9 222 |7 as | |
| 924 | 0 | |9 F 42 |a (DE-603)179614878 |b DE-F42 |c HES |d b |g MOR S/17, B22 |i Af III 3008, B22 | |
| 924 | 0 | |9 Mb 50 |a (DE-603)179384651 |b DE-Mb50 |c HES |d c |g 02.5458 | |
| 924 | 0 | |9 77/016 |a (DE-603)176579257 |b DE-77-016 |c HES |d d |g S XIII 4,22 | |
| 924 | 0 | |9 Ful 2 |a (DE-603)746223188 |b DE-Ful2 |c HES |d d |g 2003:0445 | |


